Sửa chữa máy điện và máy biến áp

Trình bày những vấn đề chung về công tác sửa chữa máy điện và máy biến áp, nguyên lí làm việc và kết cấu máy điện quay. Hướng dẫn cách lấy số liệu dây quấn. Các dạng sự cố thường xảy ra trong máy biến áp, phân tích sự cố thông...

Full beskrivning

Sparad:
Bibliografiska uppgifter
Huvudupphovsman: Nguyễn, Đức Sỹ
Materialtyp: Bok
Språk:Undetermined
Publicerad: H. Giáo dục 2009
Ämnen:
Länkar:http://lrc.tdmu.edu.vn/opac/search/detail.asp?aID=2&ID=7629
Taggar: Lägg till en tagg
Inga taggar, Lägg till första taggen!
Thư viện lưu trữ: Trung tâm Học liệu Trường Đại học Thủ Dầu Một
LEADER 01143nam a2200205Ia 4500
001 TDMU_7629
008 210410s9999 xx 000 0 und d
082 |a 621.31 
090 |b NG527 
100 |a Nguyễn, Đức Sỹ 
245 0 |a Sửa chữa máy điện và máy biến áp 
245 0 |c Nguyễn Đức Sỹ 
260 |a H. 
260 |b Giáo dục 
260 |c 2009 
300 |a 187tr 
520 |a Trình bày những vấn đề chung về công tác sửa chữa máy điện và máy biến áp, nguyên lí làm việc và kết cấu máy điện quay. Hướng dẫn cách lấy số liệu dây quấn. Các dạng sự cố thường xảy ra trong máy biến áp, phân tích sự cố thông qua các biểu hiện của rơ-le khí. Định hướng trong công tác sửa chữa mạch từ 
650 |a Máy điện; Máy biến áp; Sửa chữa 
856 |u http://lrc.tdmu.edu.vn/opac/search/detail.asp?aID=2&ID=7629 
980 |a Trung tâm Học liệu Trường Đại học Thủ Dầu Một